[Event "Chess.com Classic Winners"]
[Site "chess.com INT"]
[Date "2025.05.20"]
[Round "1.1"]
[White "Abdusattorov, Nodirbek"]
[Black "Lazavik, Denis"]
[Result "1/2-1/2"]
[WhiteTitle "GM"]
[BlackTitle "GM"]
[WhiteElo "2771"]
[BlackElo "2577"]
[WhiteFideId "14204118"]
[BlackFideId "13515110"]
[EventDate "2025.05.20"]
[EventType "k.o."]

1. c4 Nf6 2. Nc3 e5 3. Nf3 Nc6 4. d3 d5 5. cxd5 Nxd5 6. e4 Nxc3 7. bxc3 Bc5 8.
Be2 O-O 9. O-O Kh8 10. a4 f5 11. a5 Qf6 12. Kh1 fxe4 13. dxe4 Bg4 14. Qd5 b6 15.
Bg5 Qg6 16. Bh4 Qh6 17. Bg5 Qg6 18. Bh4 Qh6 19. Bg3 Rad8 20. Qc4 Qh5 21. Kg1 h6
22. axb6 axb6 23. Rad1 Bxf3 24. Bxf3 Qg5 25. Qe6 Qf6 26. Qc4 Ne7 27. Rxd8 Rxd8
28. Bg4 Ng6 29. h3 Nf4 30. Rd1 h5 31. Bf3 Rxd1+ 32. Bxd1 h4 33. Bxf4 Qxf4 34.
Qe2 g6 35. Qf3 Qxf3 36. Bxf3 Kg7 37. Kf1 Kf6 38. g3 Kg5 39. Ke2 b5 40. Bg4 b4
41. cxb4 Bxb4 42. Be6 Bc5 43. Bc4 Bb6 1/2-1/2

[Event "Chess.com Classic Winners"]
[Site "chess.com INT"]
[Date "2025.05.20"]
[Round "1.1"]
[White "Carlsen, Magnus"]
[Black "Duda, Jan-Krzysztof"]
[Result "1-0"]
[WhiteTitle "GM"]
[BlackTitle "GM"]
[WhiteElo "2837"]
[BlackElo "2739"]
[WhiteFideId "1503014"]
[BlackFideId "1170546"]
[EventDate "2025.05.20"]
[EventType "k.o."]

1. d4 Nf6 2. c4 e6 3. Nf3 d5 4. g3 dxc4 5. Bg2 Bb4+ 6. Nc3 O-O 7. O-O Nc6 8. a3
Be7 9. e4 a6 10. h4 b5 11. e5 Nd5 12. Ng5 h6 13. Nh3 Na5 14. Qg4 Kh8 15. Qh5 Kg8
16. Bxh6 gxh6 17. Qxh6 Nxc3 18. bxc3 Bb7 19. Bxb7 Nxb7 20. Nf4 1-0

[Event "Chess.com Classic Winners"]
[Site "chess.com INT"]
[Date "2025.05.20"]
[Round "1.1"]
[White "Ding, Liren"]
[Black "Praggnanandhaa, R"]
[Result "0-1"]
[WhiteTitle "GM"]
[BlackTitle "GM"]
[WhiteElo "2734"]
[BlackElo "2758"]
[WhiteFideId "8603677"]
[BlackFideId "25059530"]
[EventDate "2025.05.20"]
[EventType "k.o."]

1. c4 Nf6 2. Nf3 e6 3. g3 d5 4. Bg2 Be7 5. O-O O-O 6. d4 h6 7. b3 dxc4 8. bxc4
c5 9. Nc3 cxd4 10. Nxd4 Bc5 11. Nb3 Bb4 12. Qc2 Nc6 13. Rd1 Qe7 14. Rb1 Bd7 15.
Bf4 Rac8 16. c5 e5 17. Be3 Bxc3 18. Qxc3 Bf5 19. Rbc1 Rfd8 20. Na5 Be4 21. Nc4
Nd4 22. Bxd4 exd4 23. Rxd4 Rxd4 24. Qxd4 Qxc5 25. Qxc5 Rxc5 26. Bxe4 Nxe4 27.
Rc2 b5 28. Ne3 Rxc2 29. Nxc2 Nc3 30. a3 Nxe2+ 31. Kf1 Nc3 32. Ke1 Kf8 33. Kd2
Nd5 34. Nd4 a6 35. Nc6 Nb6 36. Kc3 Nc4 37. Kb4 g5 38. h3 Kg7 39. Nb8 a5+ 40.
Kxb5 Nxa3+ 41. Kxa5 Nc4+ 42. Kb4 Nd2 43. Kc3 Ne4+ 44. Kd4 Nxf2 45. h4 Nh1 46.
hxg5 hxg5 47. g4 Nf2 48. Nc6 Nxg4 49. Ke4 Nh6 50. Ke5 f6+ 51. Ke4 Kg6 52. Ne7+
Kh5 53. Kf3 f5 54. Nd5 Kh4 55. Nf6 Kh3 56. Kf2 Ng4+ 57. Nxg4 Kxg4 0-1

[Event "Chess.com Classic Winners"]
[Site "chess.com INT"]
[Date "2025.05.20"]
[Round "1.1"]
[White "Gukesh, D"]
[Black "Fedoseev, Vladimir3"]
[Result "1-0"]
[WhiteTitle "GM"]
[BlackTitle "GM"]
[WhiteElo "2787"]
[BlackElo "2739"]
[WhiteFideId "46616543"]
[BlackFideId "24130737"]
[EventDate "2025.05.20"]
[EventType "k.o."]

1. c4 Nf6 2. Nc3 e5 3. Nf3 Nc6 4. g3 d5 5. cxd5 Nxd5 6. Bg2 Nf6 7. O-O h6 8. b4
a6 9. Bb2 Bd6 10. a3 O-O 11. d3 Rb8 12. Nd2 Nd4 13. e3 Nb5 14. Nce4 Re8 15. Nc4
Nxe4 16. Bxe4 c6 17. Qh5 Qe7 18. a4 Nc7 19. f4 Bxb4 20. Nxe5 Nd5 21. Bxd5 cxd5
22. f5 Qf6 23. Rab1 Rxe5 24. Bxe5 Qxe5 25. Rxb4 Qxe3+ 26. Kh1 Qxd3 27. Rbf4 Bd7
28. f6 Qg6 29. Qxg6 fxg6 30. fxg7 Bf5 31. g4 Be4+ 32. Kg1 Kxg7 33. Rf7+ Kg8 34.
a5 b6 35. axb6 d4 36. Re7 Bc6 37. Re6 Bb5 38. Rxg6+ Kh7 39. Rff6 d3 40. Rxh6+
Kg7 41. Rfg6+ Kf7 42. Rd6 Ke7 43. Rhe6+ Kf7 44. g5 a5 45. g6+ Kg8 46. Re5 Bc4
47. Rxa5 d2 48. Rxd2 Rxb6 49. Rg5 Kg7 50. Rd4 Be6 51. h4 Kh6 52. g7 Rb1+ 53. Kf2
Rb2+ 54. Kg3 Rb3+ 55. Kf4 Bg8 56. Rd8 Rb4+ 57. Kg3 Rb3+ 58. Kf2 Rb2+ 59. Ke1
Rb1+ 60. Kd2 Kh7 61. Rh5+ Kxg7 62. Rg5+ 1-0

[Event "Chess.com Classic Winners"]
[Site "chess.com INT"]
[Date "2025.05.20"]
[Round "1.1"]
[White "Nepomniachtchi, Ian"]
[Black "Erigaisi, Arjun"]
[Result "1/2-1/2"]
[WhiteTitle "GM"]
[BlackTitle "GM"]
[WhiteElo "2757"]
[BlackElo "2782"]
[WhiteFideId "4168119"]
[BlackFideId "35009192"]
[EventDate "2025.05.20"]
[EventType "k.o."]

1. e4 e5 2. Nf3 Nc6 3. Bb5 a6 4. Ba4 Nf6 5. O-O Be7 6. d3 b5 7. Bb3 d6 8. a3 Na5
9. Ba2 c5 10. Nc3 Be6 11. Bg5 O-O 12. Bxf6 Bxf6 13. Nd5 c4 14. dxc4 Nxc4 15. Rb1
Rc8 16. Qd3 Nb6 17. Nxf6+ Qxf6 18. Bxe6 Qxe6 19. c3 Rfd8 20. Rbd1 h6 21. Qe2 Qc4
22. Rd3 Re8 23. Rfd1 d5 24. Nd2 Qa2 25. exd5 Nxd5 26. g3 Nf6 27. Nf1 e4 28. R3d2
Rc6 29. Ne3 Qe6 30. Kg2 h5 31. h4 g6 32. Rd8 Kg7 33. Rxe8 Nxe8 34. Rd4 Nf6 35.
a4 bxa4 36. Rxa4 Rd6 37. Rd4 Rxd4 38. cxd4 Nd5 39. Kh2 Nxe3 40. Qxe3 Qd5 41. Qc3
a5 42. Kg1 Kf6 43. Kf1 Ke6 44. Ke2 Kd6 45. Qa3+ Kc6 46. Qc3+ Kd6 47. Ke1 Qb5 48.
Qe3 Kd5 49. Qg5+ Kc4 50. Qc1+ Kxd4 51. Qc3+ Kd5 52. Qf6 Qb4+ 53. Kf1 Qc4+ 54.
Kg2 Qc7 55. Qg5+ Ke6 56. Qe3 Qe5 57. b3 Qd5 58. Qb6+ Kf5 59. Qe3 Kf6 60. Qc3+
Qe5 61. Qe3 Kg7 62. Kh2 Qf5 63. Kg1 Kh7 64. Qa7 Qd5 65. Qe3 Kg7 66. Qc3+ Kg8 67.
Qc8+ Kh7 68. Qc3 Qd1+ 69. Kg2 Qd5 70. Kg1 Qd1+ 71. Kg2 Qd5 72. Kg1 1/2-1/2

[Event "Chess.com Classic Winners"]
[Site "chess.com INT"]
[Date "2025.05.20"]
[Round "1.1"]
[White "Vachier-Lagrave, Maxime"]
[Black "Caruana, Fabiano"]
[Result "1/2-1/2"]
[WhiteTitle "GM"]
[BlackTitle "GM"]
[WhiteElo "2723"]
[BlackElo "2776"]
[WhiteFideId "623539"]
[BlackFideId "2020009"]
[EventDate "2025.05.20"]
[EventType "k.o."]

1. e4 c5 2. Nf3 Nc6 3. d4 cxd4 4. Nxd4 Nf6 5. Nc3 e5 6. Ndb5 d6 7. Nd5 Nxd5 8.
exd5 Nb8 9. a4 Be7 10. Bd2 O-O 11. a5 Nd7 12. Be2 a6 13. Na3 Nf6 14. Bb4 b5 15.
c4 Bb7 16. O-O bxc4 17. Bxc4 Rb8 18. Nc2 Rc8 19. b3 Nxd5 20. Bxd5 Bxd5 21. Qxd5
Rxc2 22. Rac1 Qc8 23. Ba3 Re8 24. g3 h6 25. h4 Bf8 26. Rxc2 Qxc2 27. Rc1 Qe2 28.
Rc7 Re6 29. Bc1 Rf6 30. Be3 Qg4 31. Qa8 d5 32. Bc5 Kh7 33. Qxf8 Qd1+ 34. Kh2 Qc2
35. Rxf7 Rxf7 36. Qxf7 Qxc5 37. h5 Qxa5 38. Qg6+ Kh8 39. Qe8+ Kh7 40. Qxe5 Qd2
41. Qf5+ Kh8 42. Kg2 d4 43. Qc8+ Kh7 44. Qf5+ Kh8 45. Qc8+ Kh7 46. Qxa6 d3 47.
Qg6+ Kh8 48. Qe8+ Kh7 49. Qe4+ Kh8 50. b4 Qe2 51. Qa8+ Kh7 52. Qf3 Qc2 53. Qe4+
Kh8 54. b5 Qb3 55. Qe8+ Kh7 56. Qg6+ Kh8 57. Qe8+ Kh7 58. Qg6+ Kh8 59. Qe8+ 1/2-1/2

[Event "Chess.com Classic Winners"]
[Site "chess.com INT"]
[Date "2025.05.20"]
[Round "1.2"]
[White "Caruana, Fabiano"]
[Black "Vachier-Lagrave, Maxime"]
[Result "1/2-1/2"]
[WhiteTitle "GM"]
[BlackTitle "GM"]
[WhiteElo "2776"]
[BlackElo "2723"]
[WhiteFideId "2020009"]
[BlackFideId "623539"]
[EventDate "2025.05.20"]
[EventType "k.o."]

1. Nf3 d5 2. c4 d4 3. b4 c5 4. Bb2 a5 5. b5 Qc7 6. g3 e5 7. Bg2 Bd6 8. O-O Nf6
9. d3 O-O 10. e4 Nbd7 11. Nh4 Re8 12. Bc1 Nf8 13. Bg5 Be7 14. Nf5 Ne6 15. Nxe7+
Qxe7 16. Bd2 Nf8 17. b6 Ra6 18. Na3 Bd7 19. Rb1 Bc6 20. f4 N8d7 21. Nb5 Rxb6 22.
a4 h6 23. Bxa5 Ra6 24. Bd2 Rd8 25. Rb2 Ne8 26. a5 exf4 27. gxf4 f5 28. exf5 Bxg2
29. Kxg2 Qf7 30. Qg4 Rf6 31. Be1 Rxf5 32. Re2 g6 33. Qf3 Ndf6 34. Bg3 Ng7 35.
Rfe1 Rd7 36. Re5 Nfh5 37. R1e4 Kh7 38. Kg1 Qf8 39. Rxf5 Nxf5 40. Re5 Ne3 41. Qe4
Nf6 42. Qf3 Rf7 43. Re6 Nf5 44. Bf2 Re7 45. Re5 Rf7 46. Re6 Re7 47. Re5 Rf7 48.
Re6 1/2-1/2

[Event "Chess.com Classic Winners"]
[Site "chess.com INT"]
[Date "2025.05.20"]
[Round "1.2"]
[White "Duda, Jan-Krzysztof"]
[Black "Carlsen, Magnus"]
[Result "1/2-1/2"]
[WhiteTitle "GM"]
[BlackTitle "GM"]
[WhiteElo "2739"]
[BlackElo "2837"]
[WhiteFideId "1170546"]
[BlackFideId "1503014"]
[EventDate "2025.05.20"]
[EventType "k.o."]

1. d4 Nf6 2. c4 e6 3. Nf3 d5 4. Nc3 c6 5. Bg5 Nbd7 6. e3 Qa5 7. Nd2 dxc4 8. Bxf6
Nxf6 9. Nxc4 Qc7 10. Rc1 Be7 11. g3 O-O 12. Bg2 Rd8 13. O-O Nd5 14. Ne4 Bd7 15.
a3 Be8 16. b4 b6 17. Ne5 Qb7 18. Qb3 a5 19. Nd3 axb4 20. axb4 Qa6 21. Rb1 Qa3
22. Rfc1 Qxb3 23. Rxb3 Rdc8 24. h4 h6 25. Nd2 Rcb8 26. Nc4 Ra4 27. Nce5 Nxb4 28.
Bxc6 Nxc6 29. Nxc6 Bxc6 30. Rxc6 b5 31. Rb1 b4 32. Nc1 Ra3 33. Nb3 h5 34. Kg2 g6
35. Kf3 Rb7 36. Rc2 Kg7 37. Ke4 Rba7 38. Rbb2 Rb7 39. Rd2 Rc7 40. d5 exd5+ 41.
Rxd5 Bf6 42. Nd4 Rb7 43. Rc5 Re7+ 44. Kd5 Re5+ 45. Kc6 Rxc5+ 46. Kxc5 Be7+ 47.
Kd5 Rc3 48. Ne2 Rc5+ 49. Ke4 Rb5 50. Kd3 Rb6 51. Nd4 Kf6 52. f4 Kg7 53. Kc4 Ra6
54. Rb3 Ra3 55. e4 Ra1 56. e5 Rc1+ 57. Kd5 Rc5+ 58. Ke4 Rc1 59. f5 gxf5+ 60.
Nxf5+ Kf8 61. Nxe7 Kxe7 62. Rxb4 Kf8 63. Rb7 Rf1 64. Rd7 Re1+ 65. Kf4 Rf1+ 66.
Kg5 Rf3 67. Kxh5 Rxg3 68. Kh6 Rg6+ 69. Kh5 Rg1 70. Ra7 Re1 71. Ra5 Kg7 72. Kg5
Rg1+ 73. Kf5 Rf1+ 74. Kg4 Rg1+ 75. Kf3 Rh1 76. Ra4 Kg6 77. Rf4 Re1 78. Rf6+ Kh5
79. Rf5+ Kxh4 80. Kf4 Rf1+ 81. Ke4 Rxf5 82. Kxf5 Kg3 83. Kf6 Kf4 84. Kxf7 Kxe5 1/2-1/2

[Event "Chess.com Classic Winners"]
[Site "chess.com INT"]
[Date "2025.05.20"]
[Round "1.2"]
[White "Erigaisi, Arjun"]
[Black "Nepomniachtchi, Ian"]
[Result "0-1"]
[WhiteTitle "GM"]
[BlackTitle "GM"]
[WhiteElo "2782"]
[BlackElo "2757"]
[WhiteFideId "35009192"]
[BlackFideId "4168119"]
[EventDate "2025.05.20"]
[EventType "k.o."]

1. d4 Nf6 2. c4 e6 3. Nc3 Bb4 4. Qc2 c5 5. dxc5 O-O 6. a3 Bxc5 7. Nf3 Nc6 8. e3
d5 9. b4 Be7 10. Bb2 dxc4 11. Bxc4 b6 12. Rd1 Qc7 13. Nb5 Qb8 14. Bd3 Bb7 15.
Bxf6 gxf6 16. Bxh7+ Kg7 17. Be4 Rc8 18. Qb1 a5 19. O-O axb4 20. axb4 Ra4 21.
Nbd4 Rxb4 22. Qd3 Nxd4 23. Nxd4 f5 24. Bxf5 exf5 25. Nxf5+ Kf8 26. Nxe7 Kxe7 27.
Qf5 Qc7 28. Qg5+ f6 29. Qh6 Rg4 30. f3 Rg5 31. Rf2 Rcg8 32. Qh7+ R8g7 33. Qh4
Kf7 34. Rfd2 Kg6 35. Qf2 Kh7 36. Qh4+ Kg6 37. Qf2 Kh6 38. Qh4+ Rh5 39. Qxf6+ Kh7
40. f4 Qc5 41. Re1 Qb4 42. Qb2 Rxg2+ 0-1

[Event "Chess.com Classic Winners"]
[Site "chess.com INT"]
[Date "2025.05.20"]
[Round "1.2"]
[White "Fedoseev, Vladimir3"]
[Black "Gukesh, D"]
[Result "1-0"]
[WhiteTitle "GM"]
[BlackTitle "GM"]
[WhiteElo "2739"]
[BlackElo "2787"]
[WhiteFideId "24130737"]
[BlackFideId "46616543"]
[EventDate "2025.05.20"]
[EventType "k.o."]

1. d4 Nf6 2. c4 e6 3. Nf3 d5 4. g3 Bb4+ 5. Bd2 a5 6. Qc2 O-O 7. Bg2 c5 8. cxd5
cxd4 9. Nxd4 Qb6 10. e3 exd5 11. O-O Nc6 12. Nxc6 bxc6 13. Rc1 Rb8 14. b3 Bd7
15. Bc3 c5 16. Be5 Rbe8 17. Bf4 c4 18. Nc3 d4 19. exd4 Qxd4 20. bxc4 Qxc4 21. a3
Bc5 22. Nd5 Qxc2 23. Rxc2 Bd4 24. Rac1 Nxd5 25. Bxd5 Rc8 26. Rxc8 Rxc8 27. Rd1
Bf6 28. Bxf7+ Kxf7 29. Rxd7+ Ke6 30. Rd6+ Kf7 31. Ra6 Bc3 32. Kf1 Rc4 33. Ra7+
Kg8 34. Ke2 Ra4 35. Bc1 Bd4 36. Rc7 Be5 37. Rc6 Bf6 38. Kd3 Rd4+ 39. Kc2 Kf7 40.
Rc5 a4 41. Be3 Re4 42. Kd3 Re7 43. Rc4 Rd7+ 44. Ke4 1-0

[Event "Chess.com Classic Winners"]
[Site "chess.com INT"]
[Date "2025.05.20"]
[Round "1.2"]
[White "Lazavik, Denis"]
[Black "Abdusattorov, Nodirbek"]
[Result "0-1"]
[WhiteTitle "GM"]
[BlackTitle "GM"]
[WhiteElo "2577"]
[BlackElo "2771"]
[WhiteFideId "13515110"]
[BlackFideId "14204118"]
[EventDate "2025.05.20"]
[EventType "k.o."]

1. Nf3 d5 2. b3 Nf6 3. Bb2 e6 4. e3 b6 5. c4 Bb7 6. cxd5 exd5 7. g3 Nbd7 8. d3
Bb4+ 9. Nbd2 O-O 10. Bg2 Bd6 11. Qc2 Re8 12. O-O c5 13. Rac1 Rc8 14. Qb1 b5 15.
Rfe1 a5 16. e4 dxe4 17. dxe4 Ne5 18. Rcd1 Qb6 19. a4 c4 20. Bxe5 Bxe5 21. axb5
Ng4 22. Re2 c3 23. Nc4 Qxb5 24. Bh3 h5 25. Rde1 Bb8 26. Nd4 Qc5 27. Bxg4 hxg4
28. Nf5 a4 29. Re3 axb3 30. Qxb3 Ba6 31. Qxc3 Be5 32. Nxe5 Qxc3 33. Rxc3 Rxc3
34. Nxg4 Re6 35. h4 Bb7 36. e5 f6 37. Nfe3 fxe5 38. Nh2 Rec6 39. g4 Rc1 40. Rxc1
Rxc1+ 41. Nhf1 Bf3 42. g5 Be2 43. Kg2 Bxf1+ 44. Nxf1 Kf7 45. Ne3 Ra1 46. Kg3 Kg6
47. Kh3 Kh5 48. Nf5 Kg6 49. Ng3 Ra4 50. f3 Rf4 51. Ne2 Rxf3+ 52. Kg4 Ra3 53. h5+
Kf7 54. Ng3 g6 55. h6 Ra4+ 56. Kf3 Rf4+ 57. Ke3 Ke6 58. Ne4 Rh4 59. Ng3 Rg4 60.
Ne4 Rf4 61. Ng3 Kd5 62. Ne2 Rh4 63. Nc3+ Ke6 64. Ne4 Kf5 65. Ng3+ Kxg5 0-1

[Event "Chess.com Classic Winners"]
[Site "chess.com INT"]
[Date "2025.05.20"]
[Round "1.2"]
[White "Praggnanandhaa, R"]
[Black "Ding, Liren"]
[Result "0-1"]
[WhiteTitle "GM"]
[BlackTitle "GM"]
[WhiteElo "2758"]
[BlackElo "2734"]
[WhiteFideId "25059530"]
[BlackFideId "8603677"]
[EventDate "2025.05.20"]
[EventType "k.o."]

1. b3 d5 2. Bb2 Bf5 3. d3 e6 4. Nd2 Nf6 5. g3 h6 6. Bg2 Be7 7. e4 Bh7 8. Nh3 O-O
9. O-O a5 10. a3 c6 11. Qe2 Qb6 12. Kh1 dxe4 13. dxe4 Qa6 14. Qe1 Rd8 15. Rd1
Nbd7 16. f4 Nc5 17. Nf2 Rd7 18. Qe3 Rad8 19. Kg1 Qb5 20. Bc3 Na6 21. a4 Qc5 22.
Qf3 Nxe4 23. Nxe4 Bxe4 24. Qg4 Qxc3 25. Rxd7 Rxd7 26. Nxe4 Qd4+ 27. Kh1 f5 28.
Qg6 fxe4 29. Qxe6+ Kf8 30. Qf5+ Bf6 31. Bxe4 Nc5 32. Bg2 Re7 33. Bf3 Ne4 34. Bh5
Nd6 35. Qh3 Qd5+ 36. Bf3 Qf5 37. Qg2 Ne4 38. Rd1 Nc3 39. Rf1 Nd5 40. g4 Qe6 41.
Qg3 Ne3 42. Rg1 Qd6 43. g5 hxg5 44. Qh3 Qxf4 45. Qh8+ Kf7 46. Bh5+ Ke6 47. Qc8+
Kd6 48. Qd8+ Rd7 49. Qb8+ Kc5 50. Qa7+ Kb4 51. Qb6+ Ka3 52. Qc5+ Kb2 0-1

[Event "Chess.com Classic Winners"]
[Site "chess.com INT"]
[Date "2025.05.20"]
[Round "1.3"]
[White "Abdusattorov, Nodirbek"]
[Black "Lazavik, Denis"]
[Result "1/2-1/2"]
[WhiteTitle "GM"]
[BlackTitle "GM"]
[WhiteElo "2771"]
[BlackElo "2577"]
[WhiteFideId "14204118"]
[BlackFideId "13515110"]
[EventDate "2025.05.20"]
[EventType "k.o."]

1. c4 Nf6 2. Nc3 e5 3. Nf3 Nc6 4. d3 d5 5. cxd5 Nxd5 6. e4 Nxc3 7. bxc3 Bc5 8.
Be2 O-O 9. O-O Qe7 10. Be3 Bxe3 11. fxe3 b6 12. Qe1 Bd7 13. Rc1 Na5 14. Qg3 f6
15. d4 Rae8 16. dxe5 fxe5 17. Rcd1 Bc6 18. Nh4 Bxe4 19. Qg4 Bc2 20. Rd2 Rxf1+
21. Bxf1 Bg6 22. Nxg6 hxg6 23. Qxg6 e4 24. Rd5 Qf7 25. Qxf7+ Kxf7 26. Be2 Kf6
27. g4 g5 28. Rf5+ Kg6 29. Kf2 Rd8 30. Re5 Rd2 31. Rxe4 Rxa2 32. Re7 Nb3 33. Kf3
Nd2+ 34. Kg3 Ne4+ 35. Rxe4 Rxe2 36. Kf3 Rxh2 37. Re6+ Kf7 38. Rc6 Ra2 39. Rxc7+
Ke6 40. c4 Ke5 41. Rf7 Kd6 42. Rg7 Kc5 43. Rxg5+ Kxc4 44. Rg8 Kd5 45. Re8 Ra1
46. g5 Rg1 47. Kf4 a5 48. e4+ Kc6 49. e5 a4 50. Kf5 Kb7 51. Rd8 a3 52. Rd2 b5
53. e6 b4 54. e7 Re1 55. Rd4 Rxe7 56. Rxb4+ Kc6 57. Ra4 Re3 58. Kf4 Kb5 59. Ra8
Rc3 60. g6 Rc6 61. g7 Rg6 62. g8=Q Rxg8 63. Rxg8 Kb4 64. Ke3 a2 65. Ra8 Kb3 66.
Kd3 Kb2 67. Rb8+ Kc1 68. Rc8+ Kb2 69. Rb8+ Kc1 70. Ra8 Kb2 71. Kd2 a1=Q 72. Rxa1
Kxa1 1/2-1/2

[Event "Chess.com Classic Winners"]
[Site "chess.com INT"]
[Date "2025.05.20"]
[Round "1.3"]
[White "Carlsen, Magnus"]
[Black "Duda, Jan-Krzysztof"]
[Result "1/2-1/2"]
[WhiteTitle "GM"]
[BlackTitle "GM"]
[WhiteElo "2837"]
[BlackElo "2739"]
[WhiteFideId "1503014"]
[BlackFideId "1170546"]
[EventDate "2025.05.20"]
[EventType "k.o."]

1. e4 e5 2. Nf3 Nc6 3. Bc4 Bc5 4. O-O Nf6 5. d3 d6 6. c3 a5 7. Re1 Bb6 8. Na3
O-O 9. Nc2 h6 10. Be3 Bxe3 11. Nxe3 Ne7 12. Qc2 c6 13. a4 Ng6 14. d4 Ng4 15.
Rad1 Nxe3 16. Rxe3 Qe7 17. dxe5 dxe5 18. h3 Nf4 19. Qd2 Be6 20. Bxe6 Qxe6 21.
Kh2 b5 22. axb5 cxb5 23. Qd7 f6 24. Qxe6+ Nxe6 25. Rd5 Rfb8 26. g3 b4 27. cxb4
Rxb4 28. b3 a4 29. bxa4 Raxa4 30. Kg2 Rxe4 31. Rxe4 Rxe4 32. h4 h5 33. Rd6 Kf7
34. Rd7+ Kg6 35. Rd6 Nc5 36. Kf1 Kf5 37. Ne1 Rd4 38. Rc6 Ne4 39. Rc2 Rd2 40.
Rxd2 Nxd2+ 41. Ke2 Ne4 42. Kf3 Nc3 43. Nc2 Nd5 44. Na3 e4+ 45. Kg2 Ke5 46. Nc2
g6 47. f3 f5 48. Kf2 Nc3 49. Ke3 Nd5+ 50. Kf2 f4 51. fxe4 Kxe4 52. Ne1 Ne7 53.
Ng2 fxg3+ 54. Kxg3 Nf5+ 55. Kf2 Nd4 56. Kg3 Ne2+ 57. Kf2 Nf4 58. Ne1 Ne6 59. Kg3
Nd4 60. Ng2 Ne2+ 61. Kf2 Nc1 62. Ne1 Kf4 63. Ng2+ Kf5 64. Kf3 Nd3 65. Ne3+ Ke5
66. Nc4+ Kd4 67. Nd2 Nc5 68. Kf4 Ne6+ 69. Kf3 Ke5 70. Nb3 Ng7 71. Kg3 Nf5+ 72.
Kh3 Nd4 73. Nc5 Kf4 74. Nd3+ Kf5 75. Kg3 Nc6 76. Kf3 Nd4+ 77. Kg3 Ne2+ 78. Kf3
Nc3 79. Kg3 Nb5 80. Kf3 Na7 81. Kg3 Nc8 82. Kf3 Nb6 83. Kg3 Nc4 84. Kf3 Nd2+ 85.
Ke3 Nf1+ 86. Kf3 Nh2+ 87. Kg3 Ng4 88. Kf3 Nh6 89. Nf4 Kf6 90. Ke4 Nf5 91. Ng2
Nd6+ 92. Kf4 Kg7 93. Ke5 Nf5 94. Ke4 Kf6 95. Kf4 Ng7 96. Ne3 Ne6+ 97. Ke4 Nc5+
98. Kf4 Nd7 99. Nd5+ Kg7 100. Ne3 Nf6 101. Ke5 Ng8 102. Kf4 Kf6 103. Nd5+ Ke6
104. Kg5 1/2-1/2

[Event "Chess.com Classic Winners"]
[Site "chess.com INT"]
[Date "2025.05.20"]
[Round "1.3"]
[White "Ding, Liren"]
[Black "Praggnanandhaa, R"]
[Result "1/2-1/2"]
[WhiteTitle "GM"]
[BlackTitle "GM"]
[WhiteElo "2734"]
[BlackElo "2758"]
[WhiteFideId "8603677"]
[BlackFideId "25059530"]
[EventDate "2025.05.20"]
[EventType "k.o."]

1. c4 e5 2. g3 Nf6 3. Bg2 Bc5 4. Nc3 c6 5. e3 Bb6 6. d4 exd4 7. exd4 d5 8. cxd5
Nxd5 9. Nxd5 cxd5 10. Ne2 O-O 11. O-O Nc6 12. Be3 Bg4 13. Qd2 Bxe2 14. Qxe2 Nxd4
15. Bxd4 Bxd4 16. Rad1 Qf6 17. Bxd5 Rad8 18. Bxb7 Bxb2 19. Qf3 g6 20. Qxf6 Bxf6
21. Bd5 Rd7 22. Bb3 Rfd8 23. Rxd7 Rxd7 24. Rd1 Rxd1+ 25. Bxd1 Bd4 26. Bb3 Bc5
27. Kg2 Kg7 28. Kf3 Kf6 29. Kg2 Kg7 30. Kf3 Kf6 31. Kg2 Kg7 1/2-1/2

[Event "Chess.com Classic Winners"]
[Site "chess.com INT"]
[Date "2025.05.20"]
[Round "1.3"]
[White "Gukesh, D"]
[Black "Fedoseev, Vladimir3"]
[Result "0-1"]
[WhiteTitle "GM"]
[BlackTitle "GM"]
[WhiteElo "2787"]
[BlackElo "2739"]
[WhiteFideId "46616543"]
[BlackFideId "24130737"]
[EventDate "2025.05.20"]
[EventType "k.o."]

1. c4 e6 2. Nc3 d5 3. d4 Be7 4. Nf3 Nf6 5. cxd5 exd5 6. Bf4 c6 7. e3 Nh5 8. h3
Nxf4 9. exf4 Bd6 10. g3 O-O 11. Bd3 Re8+ 12. Kf1 Nd7 13. Kg2 Nf6 14. Ne5 c5 15.
Nb5 c4 16. Be2 a6 17. Nc3 b5 18. Bf3 Bb7 19. a3 Ne4 20. Qc2 Qb6 21. Rhe1 Bxe5
22. dxe5 Nxc3 23. bxc3 d4 24. cxd4 Bxf3+ 25. Kxf3 Rad8 26. Rad1 Rxd4 27. Rxd4
Qxd4 28. Rd1 Qc5 29. Qc3 f6 30. Qd4 Qxd4 31. Rxd4 fxe5 32. Re4 Rc8 33. Ke2 exf4
34. Rxf4 Re8+ 35. Kd2 Rf8 0-1

[Event "Chess.com Classic Winners"]
[Site "chess.com INT"]
[Date "2025.05.20"]
[Round "1.3"]
[White "Nepomniachtchi, Ian"]
[Black "Erigaisi, Arjun"]
[Result "0-1"]
[WhiteTitle "GM"]
[BlackTitle "GM"]
[WhiteElo "2757"]
[BlackElo "2782"]
[WhiteFideId "4168119"]
[BlackFideId "35009192"]
[EventDate "2025.05.20"]
[EventType "k.o."]

1. e4 d6 2. d4 Nf6 3. Nc3 g6 4. Nf3 Bg7 5. Be3 O-O 6. Qd2 c6 7. Bh6 b5 8. Bd3
Bg4 9. O-O-O b4 10. Ne2 Qa5 11. Kb1 Nbd7 12. h4 c5 13. Bxg7 Kxg7 14. e5 Nh5 15.
Nh2 Be6 16. b3 dxe5 17. d5 Bxd5 18. Ng4 Be6 19. Qh6+ Kh8 20. Ne3 Ndf6 21. Qg5
Qc7 22. g4 Nf4 23. h5 Nxe2 24. Bxe2 Ne4 25. Qh6 Nc3+ 26. Ka1 g5 27. Bc4 Bxc4 28.
Nxc4 Nxd1 29. Qxg5 f6 30. Qf5 Qd8 31. g5 Qd4+ 32. Kb1 Nc3+ 33. Ka1 fxg5 34. Qxg5
Ne4+ 0-1

[Event "Chess.com Classic Winners"]
[Site "chess.com INT"]
[Date "2025.05.20"]
[Round "1.3"]
[White "Vachier-Lagrave, Maxime"]
[Black "Caruana, Fabiano"]
[Result "1/2-1/2"]
[WhiteTitle "GM"]
[BlackTitle "GM"]
[WhiteElo "2723"]
[BlackElo "2776"]
[WhiteFideId "623539"]
[BlackFideId "2020009"]
[EventDate "2025.05.20"]
[EventType "k.o."]

1. e4 c5 2. Nf3 Nc6 3. Nc3 g6 4. d4 cxd4 5. Nxd4 Bg7 6. Be3 Nf6 7. Bc4 O-O 8.
Bb3 d6 9. h3 Bd7 10. O-O Na5 11. Qd2 Rc8 12. Bh6 Nc4 13. Bxc4 Rxc4 14. Bxg7 Kxg7
15. Rfe1 Qb6 16. Nb3 a5 17. a4 Rfc8 18. e5 dxe5 19. Rxe5 e6 20. Rxa5 Qc7 21. Rg5
e5 22. Qe3 Re8 23. Re1 Bxa4 24. Rxe5 Rxe5 25. Qxe5 Qxe5 26. Rxe5 Bxb3 27. cxb3
Rb4 28. Rb5 Rxb5 29. Nxb5 Ne4 30. Kf1 Nd2+ 31. Ke2 Nxb3 32. Kd3 Kf6 33. Kc4 Na5+
34. Kd5 Ke7 35. Nd6 f5 36. h4 Kd7 37. h5 gxh5 38. Nxf5 Nc6 39. Ng3 Ne7+ 40. Ke4
h4 41. Nf5 Ng6 42. f4 Ke6 43. b4 Kf6 44. Nd6 b6 45. b5 Nf8 46. Nc4 Nd7 47. Ne3
Nc5+ 48. Kd5 Na4 49. Kd6 h5 50. Kc6 Ke6 51. Nd5 Kf5 52. Nxb6 Nxb6 53. Kxb6 Kxf4
54. Kc5 Kg3 55. b6 Kxg2 56. b7 h3 57. b8=Q h2 58. Qb2+ Kg1 59. Qd4+ Kg2 60. Qe4+
Kg1 61. Qe3+ Kg2 62. Qg5+ Kf2 63. Qd5 Kg1 64. Qd1+ Kg2 65. Qe2+ Kg1 66. Qe1+ Kg2
67. Qe4+ Kg1 68. Qg6+ Kf2 69. Qxh5 Kg1 70. Qg4+ Kh1 71. Qf3+ Kg1 72. Qg3+ Kh1
73. Qf2 1/2-1/2